[Event "82nd Tata Steel Masters 2020"]
[Site "Wijk aan Zee"]
[Date "2020.01.18"]
[Round "7.1"]
[White "Anand, Viswanathan"]
[Black "Carlsen, Magnus"]
[Result "1/2-1/2"]
[WhiteElo "2758"]
[BlackElo "2872"]
[Annotator "TA"]
[PlyCount "107"]
[EventDate "2020.01.11"]
[EventType "tourn"]
[EventCountry "NED"]
[SourceTitle "playchess.com"]
[Source "ChessBase"]
[SourceQuality "1"]

{[%evp 12,107,7,20,22,16,21,17,21,19,18,21,59,50,52,40,63,40,37,27,39,36,44,51,66,25,59,12,29,0,16,16,11,0,0,1,21,27,35,39,78,89,76,72,76,0,19,4,32,32,18,19,22,25,19,29,18,19,27,28,35,30,35,43,54,39,38,14,40,41,43,44,41,40,40,40,40,33,33,37,40,40,40,23,40,27,79,0,0,0,2,3,10,0,111,111,111,0]} 1. e4 c5 2. Nf3 Nc6 3. Bb5 g6 4. O-O Bg7 5. c3 Nf6 6. Re1 O-O 7. d4 a6 {B31: Sicilian: 2...Nc6 3 Bb5 g6} (7... d5 8. e5 Ne4 9. Bxc6 bxc6 10. Be3 cxd4 11. cxd4 Qb6 12. Qc1 a5 13. Nc3 Nxc3 14. Qxc3 Bf5 15. Nd2 Rfb8 16. b3 a4 17. h3 Qa5 18. Qxa5 Rxa5 19. bxa4 Rxa4 {1-0 (59) Giri,A (2776)-Le,Q (2713) Bucharest 2019}) 8. Bd3 d5 9. e5 Ne8 $146 {The position is equal.} ({Predecessor:} 9... Ne4 10. Nbd2 Nxd2 11. Bxd2 Bg4 12. Be3 cxd4 13. cxd4 f6 14. exf6 Bxf6 15. Be2 {0-1 (47) Khanin,S (2500)-Adhiban,B (2654) Moscow 2019}) 10. dxc5 Bg4 11. Be2 Nc7 12. Nbd2 {[%cal Bb1d2,Bd2b3,Bb3d4][%mdl 32]} a5 13. h3 Bc8 14. Bd3 Ne6 15. Nb3 a4 16. Nbd4 Nxc5 17. Bc2 Qa5 18. Bd2 Rd8 19. Qc1 Ne6 20. b4 Qc7 {[%cal Rc6e5]} 21. Nxc6 bxc6 22. Be3 c5 23. bxc5 Nxc5 24. Qa3 Ne6 25. Rab1 d4 26. Nxd4 Bxe5 27. Nb5 Qc6 28. Rb4 ({Better is} 28. Bh6 $16 Bd6 29. Nxd6 Qxd6 30. Qxd6 exd6 31. Bd1) 28... Bb7 {[%csl Gb7][%cal Rc6g2] [#]} 29. Be4 Qd7 {Hoping for ...Bxe4.} 30. Bxb7 Qxb7 31. Rxa4 Bf4 32. Rxa8 Rxa8 33. Qb3 Bxe3 34. Rxe3 Nf4 {[%csl Gf4][%cal Rb7g2]} 35. Rf3 Qe4 {Threatens to win with ...Qe1+.} 36. Kh2 Nd5 37. c4 Qe5+ 38. g3 Nf6 39. a3 Ne4 {White must now prevent ...Nd2.} 40. Qc2 Ng5 41. Re3 Qc5 $1 42. h4 Ne6 43. Qe2 Rc8 44. Rc3 h5 45. Kg2 Kf8 46. Qe4 Kg8 47. Qd5 Qb6 48. a4 Qa6 (48... Qa5 $1 $11 {remains equal.}) 49. c5 ({White should try} 49. Re3 $16) 49... Qxa4 $11 50. c6 {next c7 is good for White.} Rd8 $132 {[%mdl 2048] Black has counterplay} 51. Qc4 Qxc4 52. Rxc4 {Strongly threatening Na7.} Rb8 (52... Kf8 $11 {keeps the balance.}) 53. c7 $16 Rc8 {[#]} 54. Rc1 {Accuracy: White = 59%, Black = 57%.} ({Only move:} 54. Rb4 $1 $16) 1/2-1/2

[Event "82nd Tata Steel Masters 2020"]
[Site "Wijk aan Zee"]
[Date "2020.01.18"]
[Round "7.2"]
[White "Vitiugov, Nikita"]
[Black "Van Foreest, Jorden"]
[Result "0-1"]
[WhiteElo "2747"]
[BlackElo "2644"]
[Annotator "TA"]
[PlyCount "124"]
[EventDate "2020.01.11"]
[EventType "tourn"]
[EventCountry "NED"]
[SourceTitle "playchess.com"]
[Source "ChessBase"]
[SourceQuality "1"]

{[%evp 13,124,-12,2,-4,0,0,8,-52,-51,-53,-37,-117,-122,-117,-112,-106,-117,-119,-112,-130,-135,-138,-120,-130,-123,-150,-119,-196,-182,-181,-187,-183,-162,-358,-180,-177,-235,-215,-212,-237,-243,-241,-254,-246,-238,-236,-243,-247,-242,-237,-247,-259,-252,-302,-309,-345,-345,-327,-253,-257,-270,-322,-143,-144,-139,-151,-150,-142,-109,-109,-109,-109,-109,-109,-109,-181,-179,-211,-211,-331,-284,-288,-276,-310,-317,-268,-262,-293,-291,-311,-243,-251,-251,-223,-211,-235,-281,-232,-235,-1418,-650,-5531,-4955,-3050,-1538,-1084,-759,-29984,-29985,-29988,-29989,-29988,-29989]} 1. e4 e6 2. d4 d5 3. Nc3 {[%cal Bb1c3,Bc3e2,Be2f4][%mdl 32]} Nf6 4. e5 Nfd7 5. Nce2 c5 6. c3 Nc6 7. Nf3 Be7 8. a3 {C11: French: Classical System: 4 e5 and 4 Bg5 dxe4} O-O $146 (8... Rb8 9. Nf4 b5 10. Be2 a5 11. h4 Qb6 12. Be3 b4 13. axb4 axb4 14. O-O bxc3 15. bxc3 Qb3 16. Qxb3 Rxb3 17. c4 dxc4 18. Bxc4 Rb8 19. dxc5 {½-½ (19) Ponomariov,R (2667)-Lupulescu,C (2611) Skopje 2019}) 9. Nf4 Qa5 10. Bd3 (10. Ra2 $11) 10... Nxd4 $15 11. Nxd4 cxd4 12. Qh5 ({White should try} 12. Nxe6 $1 $15 fxe6 13. Qh5) 12... f5 $1 $17 (12... g6 $6 13. Nxg6 $1 {[%mdl 512]} fxg6 14. Bxg6 $1 $11 {[%mdl 512]}) 13. O-O Nxe5 14. cxd4 Nc6 15. Be3 Bf6 16. Ne2 Qb6 {[%cal Rc6d4]} 17. Kh1 Bd7 {[%cal Rc6d4]} 18. b4 Rac8 (18... Bxd4 19. Nxd4 Nxd4 20. f4 $14) 19. Rac1 Ne7 20. Rc5 (20. Rcd1 $17) 20... Rxc5 $19 21. dxc5 Qc6 $1 22. Nd4 Qa4 23. Ra1 $2 (23. Rb1) 23... Be8 (23... g6 $142 24. Qd1 Qxd1+ 25. Rxd1 f4 $1 {[%mdl 512]} 26. Nxe6 Bxe6 27. Bxf4 Bb2) 24. Qh3 Ng6 $1 25. Bc2 Qa6 $1 {Threatens to win with ...f4.} 26. Rb1 {b5 would now be nice for White.} Bf7 27. f4 Qc4 ({Much less strong is} 27... Qxa3 28. Qg3) 28. Bb3 Qc3 29. Rd1 {[#]} Nxf4 $1 {[%mdl 576] Deflection} 30. Bxf4 Bxd4 31. Qxc3 Bxc3 32. Bd6 Rc8 33. b5 Bb2 34. a4 Ba3 35. a5 Bxc5 36. Rc1 b6 {[%cal Bb7b6,Bb6c5,Bc5c4,Bc4c3,Bc3c2][%mdl 32]} ({But not} 36... Bxd6 $2 37. Rxc8+ Bf8 38. Ra8 $18) 37. g4 fxg4 (37... e5 $19 {has better winning chances. White must now prevent ...d4.} 38. gxf5 d4 39. Bxf7+ Kxf7 40. Bxe5 Re8) 38. Rxc5 $17 bxc5 $19 {[%mdl 4096] Endgame KRB-KB} 39. b6 axb6 40. axb6 Rc6 41. Bc7 {[#] aiming for b7.} Rxb6 $1 42. Bxb6 c4 43. Bd1 Bg6 44. Bxg4 {[#]} (44. Bd4 $17) 44... Bf5 $1 45. Bf3 c3 46. Kg1 (46. Be3 $142) 46... Kf7 47. Bd4 c2 48. Bb2 {[#]} d4 $1 {[%mdl 512]} 49. Kf2 (49. Bxd4 c1=Q+) 49... e5 50. Bd5+ Kf6 51. h4 Kg6 52. Kg3 Bd3 53. Bc1 e4 54. Bb2 Kf5 55. Bg8 h6 56. Bc1 $2 (56. Bh7+ Ke5 57. Bg6) 56... e3 (56... h5 $142 57. Bf7 g6) 57. Bb2 Be4 58. Bc1 g5 59. h5 g4 {Strongly threatening ...e2.} 60. Bh7+ Ke5 {Black mates.} 61. Bg8 e2 62. Kf2 d3 {Accuracy: White = 52%, Black = 60%.} 0-1

[Event "82nd Tata Steel Masters 2020"]
[Site "Wijk aan Zee"]
[Date "2020.01.18"]
[Round "7.3"]
[White "Caruana, Fabiano"]
[Black "Dubov, Daniil"]
[Result "1-0"]
[WhiteElo "2822"]
[BlackElo "2683"]
[Annotator "TA"]
[PlyCount "153"]
[EventDate "2020.01.11"]
[EventType "tourn"]
[EventCountry "NED"]
[SourceTitle "playchess.com"]
[Source "ChessBase"]
[SourceQuality "1"]

{[%evp 15,157,4,11,17,18,0,9,0,22,19,22,23,24,23,44,6,16,19,14,9,6,10,0,6,25,-8,-20,-18,-11,-14,-14,-2,-18,-27,-12,-23,-16,-20,-22,-22,-14,-14,-18,-24,2,0,0,0,8,0,7,7,7,7,7,7,7,7,7,7,7,7,31,16,23,0,32,31,25,25,144,137,156,153,177,177,154,143,151,151,151,122,160,122,286,206,193,182,191,178,217,71,71,71,71,71,247,244,247,229,249,246,246,240,214,85,85,0,202,203,516,517,479,251,521,504,414,333,364,382,366,336,350,460,391,403,605,658,992,971,999,994,2159,2060,1323,729,2172,4931,4627,4614,2427,2218,1543,1510]} 1. e4 c5 2. Nf3 Nc6 3. Bb5 g6 4. O-O Bg7 5. c3 Nf6 6. Re1 O-O 7. d4 d5 8. e5 Ne4 9. Be3 {B31: Sicilian: 2...Nc6 3 Bb5 g6.} Qb6 10. Bxc6 bxc6 11. Qc1 {The position is equal.} Rb8 12. b3 $1 Qa5 13. dxc5 Rxb3 $1 14. axb3 Qxa1 15. b4 {aiming for Nd4.} Qa4 16. Nd4 {Strongly threatening f3.} Bxe5 17. f3 Nf6 {[#]} 18. Qa3 $146 ({Predecessor:} 18. Nd2 Re8 19. N2b3 Bxd4 20. Nxd4 e5 21. Bg5 Nd7 22. Qb2 Qa6 23. f4 f6 24. Bh4 Bb7 25. fxe5 fxe5 26. b5 Qa4 27. Qb4 Qxb4 28. cxb4 Rc8 29. Nf3 cxb5 {½-½ (29) Gonzalez Sanchez,F (2128)-Lecha Gonzalez,J (2214) ICCF email 2014}) 18... Qxa3 19. Nxa3 Re8 20. Bg5 Bxd4+ $1 21. cxd4 {Bxf6 is the strong threat.} Kg7 22. b5 Bd7 23. bxc6 Bxc6 24. Bd2 a6 25. Nc2 Bb5 26. Ra1 Nd7 27. Nb4 e6 28. Bf4 Ra8 29. Ra5 Nb8 30. g4 Kf8 31. Kf2 Ke8 32. g5 Nd7 33. Bc7 f6 34. h4 Ra7 35. Bd6 Ra8 $1 36. Ke3 Kf7 37. f4 Kg7 38. Kd2 h5 39. Kc3 {[%mdl 1024] White has compensation.} Kf7 40. Nd3 Bc6 41. Kb4 Ra7 42. Ra3 Kg7 (42... Rb7+ $11 43. Kc3 Ra7) 43. Nc1 $1 $16 Kf7 44. Nb3 $1 Bb5 45. Na5 Ra8 46. c6 Nb6 47. c7 f5 48. Re3 Rc8 49. Nb7 Nc4 $2 (49... Bd7 $16) 50. Re1 Bd7 51. Kc5 $1 {Black must now prevent Nd8+.} Ke8 52. Be5 $1 {Hoping for Nd6+.} Kf8 {[#]} 53. Ra1 (53. Bd6+ Ke8 $16) (53. Nd8 $1 $18 {and the rest is easy.}) 53... Bb5 ({Don't go for} 53... Nxe5 $2 54. Kd6 $18) 54. Bd6+ $1 Ke8 {[#] And now ...Kd7 would win.} 55. Na5 $1 Nd2 $2 (55... Nxa5 $16 {was called for.} 56. Rxa5 Kd7) 56. Be5 $18 Kd7 57. Kb6 Nc4+ 58. Nxc4 dxc4 {[%mdl 4096] Endgame KRB-KRB} 59. Kc5 Re8 60. Rd1 (60. Ra2 $18 {is more deadly.}) 60... Ba4 $16 61. Ra1 (61. Rb1 $16) 61... Bb5 $1 $18 62. Ra2 Kc8 $2 (62... Rc8 63. Rc2 Ra8) 63. Kd6 Kb7 64. Bf6 (64. Rc2 $142 Ka7 65. Bf6) 64... Kc8 $2 (64... Rf8 65. Bd8 (65. Kxe6 Kxc7 66. d5 Kb6 $16) 65... Re8) 65. Bd8 Kb7 66. Ke5 Rf8 67. Ra3 ({Don't play} 67. Kxe6 Re8+ 68. Kf7 c3 $18) 67... Kc8 {Black hopes to continue with ...Kd7.} 68. Kxe6 Re8+ 69. Kf7 Re4 70. Kxg6 Rxf4 (70... Rxd4 $142 71. Kxf5 Rd3) 71. Kxh5 {White is clearly winning.} Rxd4 72. g6 Rd6 73. Kg5 Rd3 {[#]} 74. g7 $1 {[%mdl 512] Rxd3 would kill now.} c3 75. Kxf5 Rg3 76. Bg5 Bc4 {[#]} 77. Ra4 {Played: Ra3xa6} 1-0

[Event "82nd Tata Steel Masters 2020"]
[Site "Wijk aan Zee"]
[Date "2020.01.18"]
[Round "7.4"]
[White "Firouzja, Alireza"]
[Black "Xiong, Jeffery"]
[Result "1-0"]
[WhiteElo "2723"]
[BlackElo "2712"]
[Annotator "TA"]
[PlyCount "135"]
[EventDate "2020.01.11"]
[EventType "tourn"]
[EventCountry "NED"]
[SourceTitle "playchess.com"]
[Source "ChessBase"]
[SourceQuality "1"]

{[%evp 9,135,18,16,16,27,9,18,17,16,11,12,6,22,20,25,21,29,28,32,29,24,22,26,15,30,15,36,4,31,15,25,36,47,20,48,36,54,18,2,0,38,26,69,59,68,36,105,91,81,91,86,79,100,93,76,100,72,83,97,92,167,166,124,45,102,102,102,108,104,97,92,94,125,106,118,118,110,122,156,162,145,158,147,133,146,137,131,130,204,202,243,239,193,171,170,147,152,156,239,237,233,233,230,216,250,248,312,307,295,295,274,275,910,842,5073,4914,1829,1613,29981,29982,29982,29983,29983,29984,29983,29962,29984,29986]} 1. e4 e5 2. Nf3 Nc6 3. Bb5 Nf6 4. d3 Bc5 5. Bxc6 dxc6 6. O-O {C65: Ruy Lopez: Berlin Defence (3...Nf6), unusual lines and 4 0-0 Bc5} Nd7 (6... Bd6 7. Bg5 h6 8. Bh4 Bg4 9. h3 Bxf3 10. Qxf3 Be7 11. Bg3 Nd7 12. Nd2 O-O 13. Nc4 Bf6 {½-½ (49) Firouzja,A (2723)-Wang,H (2756) Moscow 2019}) 7. c3 O-O 8. d4 {The position is equal.} Bd6 9. Bg5 f6 10. Bh4 Qe8 11. Re1 Nb6 12. Bg3 Bg4 13. Nbd2 Kh8 {[#]} 14. Qc2 $146 Rd8 15. h3 Bh5 16. Nh4 exd4 17. Bxd6 d3 18. Qxd3 cxd6 19. f4 Bf7 20. Ndf3 {[%cal Bd2f3,Bf3d4,Bd4f5][%mdl 32]} Bg8 21. Nd4 c5 22. Ndf5 Qd7 23. b3 {[%cal Bb2b3,Bb3b4,Bb4c5][%mdl 32]} d5 24. e5 Be6 {And now ...g5 would win.} 25. Ng3 f5 26. Nf3 h6 27. b4 d4 ({Better is} 27... Na4 $14) 28. bxc5 $16 dxc3 29. Qxc3 Nd5 30. Qd2 Qa4 31. Ne2 Nb4 32. Ned4 Nc6 {[%cal Rc6d4]} 33. Rad1 $1 Bxa2 {...Bb3 is the strong threat.} 34. Qc3 Rd5 (34... Nxd4 $16 35. Rxd4 Rxd4 36. Qxd4 (36. Nxd4 Rd8 $16) 36... Qxd4+ 37. Nxd4 a6) 35. e6 $1 $18 Re8 36. Rd2 (36. Qb2 $16) 36... Qc4 (36... Nxd4 $1 $14 37. Rxd4 Qb5) 37. Qxc4 $16 Bxc4 38. Nxc6 bxc6 39. Rd4 $1 {[%cal Rd4c4]} Bb3 40. Re3 Ba2 41. e7 Kg8 42. Ra3 Rxd4 43. Nxd4 {[%mdl 4096] Endgame KRB-KRN} Bd5 44. Nxf5 g6 45. Nxh6+ Kg7 46. Ng4 ({But not} 46. Rxa7 $2 Kxh6 47. Kh2 Kg7 $19) 46... Rxe7 47. Ne3 Be4 48. Kf2 Rd7 (48... Rf7 $16 {keeps fighting.}) 49. Nc4 $18 Rb7 {[#]} 50. g4 $1 Bd5 51. Ne3 Rb2+ 52. Kg3 Rb3 53. Rxa7+ Kf6 (53... Kf8 $16) 54. Kf2 Rb2+ {[#]} 55. Kf1 $1 Be4 56. Rd7 Rh2 57. Rd4 Bf3 58. Rd6+ Kg7 59. f5 gxf5 60. Nxf5+ Kf7 $2 (60... Kg8 61. g5 Be4) 61. g5 Bh5 62. Rf6+ Kg8 63. g6 Rxh3 64. Ne7+ {[%mdl 64] Double Attack. White mates.} Kh8 65. Rf8+ Kg7 66. Rf7+ $1 Kh6 67. Rh7+ Kg5 68. g7 {Accuracy: White = 73%, Black = 39%.} 1-0

[Event "82nd Tata Steel Masters 2020"]
[Site "Wijk aan Zee"]
[Date "2020.01.18"]
[Round "7.5"]
[White "Artemiev, Vladislav"]
[Black "So, Wesley"]
[Result "1/2-1/2"]
[WhiteElo "2731"]
[BlackElo "2765"]
[Annotator "TA"]
[PlyCount "81"]
[EventDate "2020.01.11"]
[EventType "tourn"]
[EventCountry "NED"]
[SourceTitle "playchess.com"]
[Source "ChessBase"]
[SourceQuality "1"]

{[%evp 23,81,9,22,0,20,0,0,0,18,17,18,0,0,0,0,0,0,-6,0,-19,0,0,0,0,0,0,0,0,0,0,0,0,0,0,0,0,0,0,0,0,0,0,0,0,0,0,0,0,0,0,0,0,3,3,3,0,0,0,0,0]} 1. Nf3 d5 2. e3 Nf6 3. c4 e6 4. Nc3 dxc4 5. Bxc4 a6 6. O-O c5 7. Be2 Nc6 8. d4 cxd4 9. exd4 Be7 10. Be3 Ng4 11. Bf4 Nf6 12. Rc1 O-O {The position is equal.} 13. Be3 {B22: Sicilian: 2 c3} (13. Na4 Nd5 14. Bg3 Bd6 15. Bd3 Nce7 16. Qb3 b6 17. Be4 Rb8 18. Rfe1 Bb7 19. Nc3 Nxc3 20. Bxb7 Nxa2 21. Qxa2 Rxb7 22. Qxa6 {0-1 (110) Aronian,L (2809)-Caruana,F (2807) Saint Louis 2017}) 13... Ng4 14. Bd3 Nxe3 15. fxe3 b6 $146 ({Predecessor:} 15... Bd7 16. a3 Rc8 17. Bb1 Na5 18. Ne5 Be8 19. Qd3 g6 20. Ba2 Nc6 21. Nf3 Na7 {0-1 (50) Dale,A (2318)-Izzat,K (2419) Ballarat 2015}) 16. Be4 Bb7 17. Ne5 Nxe5 18. Bxb7 Ra7 {White must now prevent ...Bg5.} 19. Be4 Nd7 20. Qe2 b5 21. Bf3 Rc7 22. a4 bxa4 23. Qxa6 a3 24. bxa3 Qc8 25. Qxc8 Rfxc8 26. Ne2 Rxc1 27. Rxc1 Rxc1+ 28. Nxc1 {White wants to play a4.} Bxa3 $11 {[%mdl 4096] Endgame KBN-KBN} 29. Nd3 Kf8 30. Bc6 Nb6 31. e4 Ke7 32. e5 Nc4 33. Kf2 f6 34. Bb5 Nb2 35. Nf4 fxe5 36. dxe5 Nd1+ 37. Kf3 Bb2 38. Ba4 Nc3 39. Bc6 Na2 40. Nd3 Bc3 41. Be4 {Accuracy: White = 60%, Black = 84%.} 1/2-1/2

[Event "82nd Tata Steel Masters 2020"]
[Site "Wijk aan Zee"]
[Date "2020.01.18"]
[Round "7.6"]
[White "Duda, Jan-Krzysztof"]
[Black "Giri, Anish"]
[Result "1/2-1/2"]
[WhiteElo "2758"]
[BlackElo "2768"]
[Annotator "TA"]
[PlyCount "53"]
[EventDate "2020.01.11"]
[EventType "tourn"]
[EventCountry "NED"]
[SourceTitle "playchess.com"]
[Source "ChessBase"]
[SourceQuality "1"]

{[%evp 29,53,44,51,54,73,26,23,20,24,31,34,23,29,38,39,60,41,0,0,0,0,0,14,0,0,0]} 1. e4 e5 2. Nf3 Nc6 3. Bb5 a6 4. Ba4 Nf6 5. O-O Be7 6. Re1 b5 7. Bb3 O-O 8. c3 d5 9. exd5 Nxd5 10. Nxe5 Nxe5 11. Rxe5 c6 12. d3 Bd6 13. Re1 Qh4 14. g3 Qh3 15. Re4 Nf6 {[#] Hoping for ...Ng4.} 16. Rh4 {C89: Closed Ruy Lopez: Marshall Attack} Qf5 17. Bc2 Qg6 18. Nd2 {White has an edge.} Bg4 19. Nf3 {[#]} Rad8 $146 ({Predecessor:} 19... Rfe8 20. Kg2 Nd5 21. d4 Bf5 22. Bxf5 Qxf5 23. Bd2 Nf6 24. Bf4 Bf8 25. Bd2 Bd6 26. Bf4 Bf8 27. Bd2 Bd6 {½-½ (27) Leko,P (2670)-Adams,M (2670) Madrid 1998}) 20. Kg2 Rfe8 21. a4 h6 22. axb5 axb5 23. h3 Bf5 {The position is equal.} ({Much weaker is} 23... Bxf3+ $6 24. Qxf3 Re1 25. Bd1 $16) 24. Rd4 {White wants to play Nh4.} Qh5 25. Rh4 Qg6 26. Rd4 Qh5 27. Rh4 1/2-1/2

[Event "82nd Tata Steel Masters 2020"]
[Site "Wijk aan Zee"]
[Date "2020.01.18"]
[Round "7.7"]
[White "Kovalev, Vladislav"]
[Black "Yu, Yangyi"]
[Result "1/2-1/2"]
[WhiteElo "2660"]
[BlackElo "2726"]
[Annotator "TA"]
[PlyCount "65"]
[EventDate "2020.01.11"]
[EventType "tourn"]
[EventCountry "NED"]
[SourceTitle "playchess.com"]
[Source "ChessBase"]
[SourceQuality "1"]

{[%evp 18,65,21,2,28,2,6,0,0,7,4,0,0,0,0,0,0,0,0,0,0,0,0,0,0,0,0,-8,0,0,0,0,0,0,0,0,0,0,0,0,0,0,4,0,4,0,5,0,0,0]} 1. e4 e5 2. Nf3 Nc6 3. Bb5 a6 4. Ba4 Nf6 5. O-O Be7 6. d3 b5 7. Bb3 d6 8. a3 O-O 9. Nc3 Bb7 10. Bg5 Qd7 {C84: Closed Ruy Lopez: Unusual White 6th moves} 11. a4 $146 ({Predecessor:} 11. Qd2 Nd8 12. Nh4 Ne6 13. Nf5 Bd8 14. f4 exf4 15. Bxf4 d5 16. exd5 Nxd5 17. Be5 f6 18. Bg3 Nxc3 19. Qxc3 {1-0 (29) Kovalev,V (2636)-Pavasovic,D (2548) Heraklio 2017}) 11... Nd8 {The position is equal.} 12. axb5 axb5 13. Rxa8 Bxa8 14. Bxf6 Bxf6 15. Nd5 Bxd5 16. Bxd5 c6 17. Ba2 d5 18. Re1 Qd6 19. d4 dxe4 20. dxe5 ({Of course not} 20. Rxe4 exd4 21. c3 c5 $17) 20... Bxe5 {[#] Threatens to win with ...Qxd1.} 21. Qxd6 Bxd6 22. Ng5 Re8 23. Nxe4 {Strongly threatening Nf6+!} Kf8 {Hoping for ...f5.} 24. Kf1 Bc7 25. h4 h6 26. c3 Nb7 27. g3 Nd6 28. Nc5 Rxe1+ 29. Kxe1 Ke8 30. Nd3 Nc8 31. Ke2 Nb6 32. g4 Bd6 33. b4 {Accuracy: White = 71%, Black = 74%.} 1/2-1/2

[Event "82nd Tata Steel Masters 2020"]
[Site "Wijk aan Zee"]
[Date "2020.01.19"]
[Round "8.1"]
[White "Carlsen, Magnus"]
[Black "Vitiugov, Nikita"]
[Result "1-0"]
[WhiteElo "2872"]
[BlackElo "2747"]
[Annotator "TA"]
[PlyCount "59"]
[EventDate "2020.01.11"]
[EventType "tourn"]
[EventCountry "NED"]
[SourceTitle "playchess.com"]
[Source "ChessBase"]
[SourceQuality "1"]

{[%evp 13,59,12,20,10,23,18,25,16,21,0,7,13,13,11,11,11,6,11,16,18,18,8,19,20,17,14,28,22,21,-7,-10,-8,6,6,10,6,39,43,33,18,46,38,57,46,68,64,172,152]} 1. e4 e5 2. Nf3 Nc6 3. Bb5 a6 4. Ba4 Nf6 5. O-O Be7 6. d3 b5 7. Bb3 d6 8. Bd2 {C84: Closed Ruy Lopez: Unusual White 6th moves} (8. a3 O-O 9. Nc3 Na5 10. Ba2 Be6 11. b4 Bxa2 12. Nxa2 Nc6 13. c4 Nd4 14. Nc3 c6 15. Be3 Nxf3+ 16. Qxf3 Qc8 17. h3 Qe6 18. Rfc1 {½-½ (18) Nepomniachtchi,I (2767)-So,W (2760) Jerusalem 2019}) 8... O-O 9. h3 h6 10. Re1 {White has an edge.} Re8 11. a3 Bf8 12. Nc3 {[%cal Bb1c3,Bc3e2,Be2g3][%mdl 32]} Rb8 13. Ba2 $146 ({Predecessor:} 13. Nd5 Nxd5 14. Bxd5 Ne7 15. Ba2 Ng6 16. d4 c5 17. c3 {1-0 (54) Adams,M (2660)-Wahls,M (2605) Germany 1997}) 13... Ne7 {[%cal Bc6e7,Be7g6,Bg6f4][%mdl 32]} 14. Nh4 g5 15. Nf3 Ng6 16. Nh2 c6 17. Ne2 d5 18. Ng3 dxe4 19. dxe4 Rb7 20. Qf3 Nf4 21. Rad1 {[#] Threatens to win with Bxf4.} Rd7 22. Be3 Rxd1 23. Rxd1 Qe7 24. Ng4 Nxg4 25. hxg4 Rd8 26. Re1 c5 27. Nf5 $36 {[%mdl 2048] White is pushing.} Qc7 28. g3 Ne6 29. Qh1 {[#] Black must now prevent Bxe6.} f6 (29... Nd4 $14) 30. Bd5 {Accuracy: White = 68%, Black = 51%.} ({Resist} 30. Nxh6+ $6 Bxh6 31. Qxh6 Qg7 $16) 1-0

[Event "82nd Tata Steel Masters 2020"]
[Site "Wijk aan Zee"]
[Date "2020.01.19"]
[Round "8.2"]
[White "Xiong, Jeffery"]
[Black "Kovalev, Vladislav"]
[Result "0-1"]
[WhiteElo "2712"]
[BlackElo "2660"]
[Annotator "TA"]
[PlyCount "132"]
[EventDate "2020.01.11"]
[EventType "tourn"]
[EventCountry "NED"]
[SourceTitle "playchess.com"]
[Source "ChessBase"]
[SourceQuality "1"]

{[%evp 9,156,47,83,60,70,37,37,38,47,44,85,69,87,65,87,80,81,91,112,112,118,95,100,91,114,77,77,86,170,168,158,165,162,152,161,154,173,170,175,145,144,145,154,139,147,84,86,0,0,0,0,0,0,0,0,-14,0,0,0,0,0,0,0,0,0,-10,-9,-112,-97,-83,0,-8,0,-12,-5,-478,-482,-473,-389,-366,-162,-162,-162,-188,-167,-179,-165,-252,-252,-249,-223,-230,-158,-157,-148,-286,-286,-523,-517,-491,-404,-404,-404,-402,-397,-396,-385,-378,0,-404,-404,-404,-407,-407,-407,-407,-407,-407,-407,-407,-404,-402,-396,-219,0,-396,-396,-1661,-1661,-1661,-1661,-1654,-1654,-1654,-1583,-943,0,-1654,-1654,-1647,-1566,-1505,-1346,-842,-771,-5573,-5060,-1177,-1177]} 1. c4 g6 2. d4 Bg7 3. e4 d6 4. Nc3 e5 5. d5 h5 6. Be2 {A42: Modern Defence: Averbakh Variation.} Bh6 7. Nf3 Bg4 {[#]} 8. Bxh6 $146 {White is slightly better.} ({Predecessor:} 8. O-O Nd7 9. Ne1 Bxe2 10. Qxe2 Bxc1 11. Rxc1 Ngf6 12. b4 O-O 13. Nd3 Qe7 14. f3 {0-1 (48) Mozetic,D (2440)-Todorov,T (2405) Nis 1998}) 8... Nxh6 9. Nd2 c5 10. dxc6 bxc6 11. b4 O-O 12. O-O Nd7 13. Nb3 Nb6 14. Na5 Qc7 15. f3 Be6 16. Qd2 Kg7 17. Rfd1 Rad8 18. Rac1 f5 (18... Nc8 $16 {was necessary.}) 19. b5 $18 c5 20. Nc6 Rd7 21. a4 f4 22. a5 Nc8 23. Nd5 Qb7 24. Qc3 Kh7 25. Rd2 Rg7 26. Rb1 g5 27. a6 (27. Nxe5 $142 {Strongly threatening a6.} dxe5 28. Qxe5 Bxd5 29. Rxd5) 27... Qa8 $16 28. Nxa7 (28. Qd3 $16) 28... Qxa7 $11 29. Qa5 $1 Bxd5 $1 30. Rxd5 Nb6 $1 {And now ...Rf6 would win.} 31. Rxd6 Rg6 32. Rc6 {With the idea Qa3.} Rc8 33. Rxc8 Nxc8 34. Qd8 Nb6 35. Rd1 {aiming for Rd6.} Nf7 36. Qe8 Kg7 37. g3 Qc7 38. Ra1 (38. Kf2 $11) 38... Qd6 $1 $17 {[%cal Rd6d4] Threatens to win with ...Qd4+.} 39. Rd1 Qc7 (39... Qf6 $1 $17 {Threatening ...fxg3.} 40. a7 fxg3 41. hxg3 h4) 40. Ra1 $132 {[%mdl 2048] White wants to play a7. White has counterplay} Qd6 {Hoping for ...Qd4+.} 41. Rd1 Qf6 {next ...g4 is good for Black.} 42. Rd3 $2 {[%mdl 8192]} (42. a7 $11 {and White has nothing to worry.}) 42... fxg3 $1 $19 43. hxg3 h4 44. Qc6 Qxc6 (44... Qe7 $142 45. Qb7 Qe6) 45. bxc6 Rxc6 46. a7 Rc7 (46... hxg3 47. Rb3 $17) 47. Ra3 {[#]} Na8 $1 ({Resist} 47... hxg3 48. a8=Q $15) 48. Ra6 (48. Kh2 {was called for.}) 48... Rb7 49. Ra2 Kf6 ({Much less strong is} 49... hxg3 50. Kg2) 50. Kg2 hxg3 51. Kxg3 Nd8 52. Ra5 {[#]} (52. Ra6+ $17 Rb6 53. Ra1) 52... Nc6 $1 {[%cal Rc6a5]} 53. Rxc5 $2 (53. Ra6 {was forced.} Rb6 54. Ra2) 53... Nd4 54. Rc8 Nxe2+ 55. Kf2 Rxa7 56. Kxe2 {[%mdl 4096] Endgame KRN-KR} Nc7 57. Rf8+ Kg6 58. Rg8+ Kf6 59. Rf8+ Ke7 60. Rf5 Ra5 61. Kf2 Ne6 62. Kg3 Nd4 63. Rxg5 Kf6 64. Rg8 Ra3 65. Kg2 Ra2+ 66. Kg3 Ra1 {Played: Ra2-a3} 0-1